000 01531cam a22004214a 4500
001 muse86528
003 MdBmJHUP
005 20210127151719.0
006 m o d
007 cr||||||||nn|n
008 731228s1963 ncu o 00 0 eng d
010 _z 63063585
020 _a9781469657837
020 _z9780807880395
035 _a(OCoLC)1155360640
040 _aMdBmJHUP
_cMdBmJHUP
050 0 4 _aPD25
_b.N6 no. 39
100 1 _aLove, Frederick R.
245 1 0 _aYoung Nietzsche and the Wagnerian Experience
264 1 _bUniversity of North Carolina Press,
264 3 _bProject MUSE,
300 _a1 online resource (ix, 103 p.)
490 0 _aUniversity of North Carolina. Studies in the Germanic languages and literatures,
_vno. 39
504 _aBibliography: p. 95-97.
506 0 _aOpen Access
_fUnrestricted online access
_2star
588 _aDescription based on print version record.
600 1 1 _aWagner, Richard,
_d1813-1883.
600 1 1 _aNietzsche, Friedrich Wilhelm,
_d1844-1900.
655 7 _aElectronic books.
_2local
710 2 _aProject Muse.
_edistributor
830 0 _aUniversity of North Carolina studies in the Germanic languages and literatures ;
_vno. 39.
830 0 _aBook collections on Project MUSE.
856 4 0 _zFull text available:
_uhttps://muse.jhu.edu/book/75799/
999 _c26755
_d26755